Logo

Description automatically generated
विद्यार्जन
 संसाधन केंद्र, भारतीय प्रौद्योगिकी संस्थान इन्दौर
Learning Resource Center, Indian Institute of Technology Indore

ऑनलाइन सार्वजनिक अभिगम प्रसूची
Online Public Access Catalogue (OPAC)

The limits of nationalism (Record no. 11257)

MARC details
000 -LEADER
fixed length control field 00447nam a2200169Ia 4500
005 - DATE AND TIME OF LATEST TRANSACTION
control field 20241004155750.0
008 - FIXED-LENGTH DATA ELEMENTS--GENERAL INFORMATION
fixed length control field 170106s2003||||xx |||||||||||||| ||und||
020 ## - INTERNATIONAL STANDARD BOOK NUMBER
International Standard Book Number 9780521004671
Qualifying information pbk
020 ## - INTERNATIONAL STANDARD BOOK NUMBER
International Standard Book Number 0521004675
Qualifying information pbk
082 ## - DEWEY DECIMAL CLASSIFICATION NUMBER
Classification number 320.54
Item number GAN
100 ## - MAIN ENTRY--PERSONAL NAME
Personal name Gans, Chaim
245 #0 - TITLE STATEMENT
Title The limits of nationalism
260 ## - PUBLICATION, DISTRIBUTION, ETC.
Place of publication, distribution, etc. Cambridge
Name of publisher, distributor, etc. Cambridge University Press
Date of publication, distribution, etc. 2003
300 ## - PHYSICAL DESCRIPTION
Extent ix, 192p. ; 23cm.
653 ## - INDEX TERM--UNCONTROLLED
Uncontrolled term Philosophy
942 ## - ADDED ENTRY ELEMENTS (KOHA)
Koha item type Book
Source of classification or shelving scheme Dewey Decimal Classification
Holdings
Withdrawn status Lost status Damaged status Not for loan Home library Current library Shelving location Date acquired Source of acquisition Total Checkouts Full call number Barcode Date last seen Price effective from Koha item type Source of classification or shelving scheme Date last checked out
        LRC, IIT Indore LRC, IIT Indore 3rd Floor - General Stack 06/01/2017 PO No. 87 ; Vendor: Segment Book Dis., New Delhi ; Bill No. 33068, dt.05.10.2011; Price: UKP 20.99   320.54 GAN 11257 06/01/2017 06/01/2017 Book    
        LRC, IIT Indore LRC, IIT Indore 3rd Floor - General Stack 06/01/2017 PO No. 87 ; Vendor: Segment Book Dis., New Delhi ; Bill No. 33068, dt.05.10.2011; Price: UKP 20.99   320.54 GAN 11258 06/01/2017 06/01/2017 Book    
        LRC, IIT Indore LRC, IIT Indore 3rd Floor - General Stack 06/01/2017 PO No. 87 ; Vendor: Segment Book Dis., New Delhi ; Bill No. 33068, dt.05.10.2011; Price: UKP 20.99   320.54 GAN 11259 06/01/2017 06/01/2017 Book Dewey Decimal Classification  
        LRC, IIT Indore LRC, IIT Indore 3rd Floor - General Stack 05/08/2013 PO No. 210 ; Vendor: Better Book Service, Delhi ; Bill No. BBS/56, dt.10.07.2013; Price: GBP 22.99 1 320.54 GAN 23404 26/04/2023 05/08/2013 Book   20/04/2023
        LRC, IIT Indore LRC, IIT Indore 3rd Floor - General Stack 05/08/2013 PO No. 210 ; Vendor: Better Book Service, Delhi ; Bill No. BBS/56, dt.10.07.2013; Price: GBP 22.99   320.54 GAN 23405 06/01/2017 05/08/2013 Book    
Copyright © 2017-2026 Indian Institute of Technology Indore. All Rights Reserved.
Managed & maintained by Learning Resource Center, IIT Indore